| 000 | 00419nam a22001217a 4500 | ||
|---|---|---|---|
| 082 | _a200 THE | ||
| 100 |
_aAlishba Siab Khan _969949 |
||
| 245 | _aTH-SOF-1348-HL7 Based Software Architecture Design for Public Health Planning and Mapping for Vaccination | ||
| 260 |
_aIslamabad _bNUST College of EME _c2016 |
||
| 650 | _a MS-CSE-12 MSTHESIS | ||
| 700 |
_a Supervisor By Brig. Dr. Shoab Ahmed Kha _969950 |
||
| 942 | _cCF | ||
| 999 |
_c577021 _d577021 |
||